000 00333nam a2200145Ia 4500
005 20251222143245.0
008 251222s9999||||xx |||||||||||||| ||spa||
020 _a9789606632303
082 _a450/A39
100 _aAlessio, Lucia
245 0 _aInvito a Teatro
250 _a1ra.ed.
264 _bEdizioni Edilingua
942 _cLIB
999 _c14740
_d14740